000 00282nam a22001217a 4500
003 OSt
008 150215b xxu||||| |||| 00| 0 eng d
100 1 _aAshbrook, Stanley
041 _aeng
245 1 0 _aUnited States One Cent Stamp of 1851-1857, The
260 _b1938
300 _a0 pages
999 _c821
_d821